[Event "Hessen-ch U16"]
[Site "Bad Homburg"]
[Date "2015.04.01"]
[Round "4"]
[White "Krastev, Alexander"]
[Black "Rogalski, Maximilian"]
[Result "1-0"]
[WhiteElo "1814"]
[BlackElo "1285"]
[PlyCount "53"]
[EventDate "2015.03.30"]
[EventType "swiss"]
[EventRounds "7"]
[EventCountry "GER"]
[SourceTitle "EXT 2017"]
[Source "ChessBase"]
[SourceDate "2016.10.25"]
[SourceVersion "1"]
[SourceVersionDate "2016.10.25"]
[SourceQuality "1"]

1. e4 e5 2. Nf3 Nc6 3. Bc4 Nf6 4. d3 Bc5 5. c3 0-0 6. Nbd2 Re8 7. Bb3 d5 8. Qe2 Bg4 9. h3 Bh5 10. g4 Bg6 11. Nh4 Nxe4 12. Nxe4 Bxe4 13. dxe4 Qxh4 14. Bxd5 Nd8 15. Be3 Bxe3 16. Qxe3 c6 17. Bb3 b6 18. 0-0-0 Nb7 19. Rd7 Nc5 20. Bxf7+ Kf8 21. Bxe8 Kxe8 22. Rxg7 Nd3+ 23. Kc2 Nxf2 24. Rf1 Kf8 25. Rg5 Ke7 26. Rxf2 Qh6 27. Rxe5+ 1-0

[Event "Hessen-ch U16"]
[Site "Bad Homburg"]
[Date "2015.03.30"]
[Round "1"]
[White "Mao, Yvonne"]
[Black "Rogalski, Maximilian"]
[Result "1/2-1/2"]
[WhiteElo "1577"]
[BlackElo "1285"]
[PlyCount "94"]
[EventDate "2015.03.30"]
[EventType "swiss"]
[EventRounds "7"]
[EventCountry "GER"]
[SourceTitle "EXT 2017"]
[Source "ChessBase"]
[SourceDate "2016.10.25"]
[SourceVersion "1"]
[SourceVersionDate "2016.10.25"]
[SourceQuality "1"]

1. e4 e5 2. Nf3 Nc6 3. Nc3 Nf6 4. a3 a6 5. d4 d6 6. dxe5 Nxe5 7. Nxe5 dxe5 8. Qxd8+ Kxd8 9. Bg5 Be7 10. 0-0-0+ Bd7 11. Bc4 Ng4 12. Bxe7+ Kxe7 13. Rd2 Nf6 14. Nd5+ Nxd5 15. Bxd5 Bc8 16. Rhd1 Re8 17. Rd3 c6 18. Bb3 Kf8 19. Rf3 Be6 20. Rd6 Bxb3 21. Rxb3 Rab8 22. Rd7 Re7 23. Rbd3 Ke8 24. Rxe7+ Kxe7 25. Kd2 Rd8 26. a4 Rxd3+ 27. Kxd3 b6 28. b4 Kd6 29. Kc4 b5+ 30. Kb3 f6 31. axb5 axb5 32. c4 Ke6 33. Kc3 f5 34. cxb5 cxb5 35. Kd3 g6 36. g3 h6 37. f4 Kd6 38. exf5 gxf5 39. fxe5+ Kxe5 40. Ke3 h5 41. h4 Ke6 42. Kf4 Kf6 43. Kf3 Ke6 44. Ke3 Ke5 45. Kf3 Ke6 46. Ke3 Ke5 47. Kf3 Ke6 1/2-1/2

[Event "Hessen-ch U14"]
[Site "Bad Homburg"]
[Date "2013.??.??"]
[Round "3"]
[White "Rogalski, Maximilian"]
[Black "Maar, Samuel"]
[Result "1-0"]
[WhiteElo "1217"]
[BlackElo "1221"]
[PlyCount "137"]
[EventDate "2013.03.??"]
[EventType "swiss"]
[EventRounds "7"]
[EventCountry "GER"]
[SourceTitle "EXT 2014"]
[Source "ChessBase"]
[SourceDate "2013.11.20"]
[SourceVersion "1"]
[SourceVersionDate "2013.11.20"]
[SourceQuality "1"]

1. e4 e5 2. Nf3 d6 3. d4 exd4 4. Nxd4 c5 5. Nf3 Nc6 6. Nc3 Nf6 7. h3 Be7 8. Bc4 Be6 9. Bxe6 fxe6 10. Ng5 Qd7 11. Bf4 d5 12. 0-0 h6 13. Nf3 d4 14. Nb5 Nxe4 15. Nc7+ Kf7 16. Nxa8 Bd6 17. Bxd6 Qxd6 18. Re1 Nf6 19. Qe2 Rxa8 20. Ne5+ Nxe5 21. Qxe5 Qb6 22. c3 Rd8 23. cxd4 cxd4 24. Rac1 Rd5 25. Qc7+ Qxc7 26. Rxc7+ Rd7 27. Rc4 d3 28. Rd1 b5 29. Rb4 a6 30. f3 Ke7 31. Rb3 d2 32. Kf2 g5 33. Ke2 Nd5 34. g3 Nb6 35. Rxd2 Rc7 36. Rc3 Rb7 37. Rc6 Nc4 38. Rc2 a5 39. b3 Kd7 40. Ra6 Na3 41. Rcc6 Nb1 42. Rxe6 Nc3+ 43. Kd3 Nxa2 44. Rad6+ Kc7 45. Re7+ Kxd6 46. Rxb7 Nb4+ 47. Ke4 Na2 48. Ra7 Nc3+ 49. Kd3 Nd1 50. Ra6+ Kd5 51. Rxh6 Nb2+ 52. Kc2 Nc4 53. bxc4+ Kxc4 54. Rg6 b4 55. Rxg5 b3+ 56. Kb2 a4 57. Rg4+ Kb5 58. Ka3 b2 59. Kxb2 Kc5 60. h4 Kd5 61. h5 Ke5 62. h6 a3+ 63. Kxa3 Kf6 64. h7 Kf5 65. h8Q Ke6 66. Qh5 Kd6 67. Rg6+ Ke7 68. Qh7+ Kf8 69. Rg8# 1-0

[Event "Hessen-ch U12"]
[Site "Bad Homburg"]
[Date "2012.??.??"]
[Round "3"]
[White "Becker, Robin"]
[Black "Rogalski, Maximilian"]
[Result "0-1"]
[WhiteElo "794"]
[BlackElo "972"]
[PlyCount "102"]
[EventDate "2012.04.??"]
[EventType "swiss"]
[EventRounds "9"]
[EventCountry "GER"]
[SourceTitle "EXT 2015"]
[Source "ChessBase"]
[SourceDate "2014.11.20"]
[SourceVersion "1"]
[SourceVersionDate "2014.11.20"]
[SourceQuality "1"]

1. e4 e5 2. Nf3 Nc6 3. Bc4 Nf6 4. Ng5 d5 5. exd5 Na5 6. Bb5+ c6 7. dxc6 bxc6 8. Bd3 Bc5 9. h3 0-0 10. 0-0 h6 11. Nf3 Qb6 12. Qe2 Re8 13. Nh4 Bb7 14. Nc3 Rad8 15. Na4 Qb4 16. Nxc5 Qxc5 17. Bf5 Qd5 18. d3 c5 19. c4 Qd4 20. Bg4 Nxg4 21. hxg4 e4 22. Nf5 Qxd3 23. Qe1 Nxc4 24. Ne3 Nxe3 25. Bxe3 Qb5 26. g5 h5 27. g6 fxg6 28. Bg5 Rd5 29. Qe3 Ba6 30. Rfe1 Qxb2 31. Reb1 Qe5 32. Bf4 Qd4 33. Qg3 Qf6 34. Qb3 c4 35. Qg3 g5 36. Be3 c3 37. a4 c2 38. Rc1 Kh7 39. Ra2 Bd3 40. Bxa7 Ra5 41. Be3 Kg6 42. Bd2 Ra6 43. Ra3 g4 44. Bc3 Qc6 45. Qf4 Rxa4 46. Bb2 Rxa3 47. Bxa3 Qf6 48. Qe3 Rb8 49. Bc5 Rb1 50. Bd4 Rxc1+ 51. Kh2 Qh4+ 0-1

[Event "Hessen-ch U12"]
[Site "Bad Homburg"]
[Date "2012.??.??"]
[Round "2"]
[White "Rogalski, Maximilian"]
[Black "Nothnagel, Marian Can"]
[Result "0-1"]
[WhiteElo "972"]
[BlackElo "1723"]
[PlyCount "88"]
[EventDate "2012.04.??"]
[EventType "swiss"]
[EventRounds "9"]
[EventCountry "GER"]
[SourceTitle "EXT 2015"]
[Source "ChessBase"]
[SourceDate "2014.11.20"]
[SourceVersion "1"]
[SourceVersionDate "2014.11.20"]
[SourceQuality "1"]

1. e4 d6 2. d4 Nf6 3. Nc3 g6 4. Nf3 Bg7 5. Bg5 h6 6. Bxf6 Bxf6 7. Be2 0-0 8. 0-0 Nc6 9. Re1 e5 10. dxe5 dxe5 11. Bb5 Be6 12. Nd5 Bg7 13. Bc4 Na5 14. Bb3 c6 15. Nc3 Nxb3 16. axb3 Qc7 17. Qe2 Rfd8 18. Red1 a6 19. h3 Rd7 20. Rxd7 Bxd7 21. Qe3 Bf8 22. Na4 Rd8 23. Rd1 f6 24. Nd2 Be6 25. Qf3 Kg7 26. Nb1 b5 27. Nac3 Bc5 28. Rxd8 Qxd8 29. Qd3 Qxd3 30. cxd3 Bxb3 31. Nd2 Bc2 32. g3 Bxd3 33. Nb3 Bd4 34. Na5 Bxc3 35. bxc3 Bxe4 36. Kf1 c5 37. Ke2 Kf7 38. Ke3 Bd5 39. Kd3 c4+ 40. Kc2 Ke6 41. Kb2 Kd6 42. Ka3 Kc5 43. h4 f5 44. f4 e4 0-1

[Event "GER-chT U12"]
[Site "Arendsee"]
[Date "2011.12.28"]
[Round "3.2"]
[White "Tepper, Oliver"]
[Black "Rogalski, Maximilian"]
[Result "1-0"]
[WhiteElo "1098"]
[BlackElo "1010"]
[PlyCount "80"]
[EventDate "2011.12.27"]
[EventType "team-swiss"]
[EventRounds "7"]
[EventCountry "GER"]
[SourceTitle "EXT 2022"]
[Source "ChessBase"]
[SourceDate "2021.10.06"]
[SourceVersion "1"]
[SourceVersionDate "2021.10.06"]
[SourceQuality "1"]
[WhiteTeam "Lambsheim U12"]
[BlackTeam "Oberursel U12"]
[WhiteTeamCountry "GER"]
[BlackTeamCountry "GER"]

1. e4 e5 2. Nf3 Nc6 3. Nc3 Nf6 4. Bb5 d6 5. d3 Bd7 6. Bg5 Be7 7. Qe2 0-0 8. 0-0-0 a6 9. Bxc6 Bxc6 10. Rhe1 Qd7 11. d4 exd4 12. Nxd4 Ne8 13. Bxe7 Qxe7 14. Nxc6 bxc6 15. Qd2 Nf6 16. Qg5 Ra7 17. e5 dxe5 18. Rxe5 Qb4 19. Qg3 h6 20. b3 Raa8 21. Qf3 Qb6 22. Qe3 Qxe3+ 23. Rxe3 Ng4 24. Re7 Rad8 25. h3 Nf6 26. Rxc7 Rxd1+ 27. Nxd1 Rd8 28. Rxc6 Ra8 29. Ne3 a5 30. a4 Nh5 31. g3 g6 32. Nd5 Re8 33. g4 Ng7 34. Nf6+ Kf8 35. Nxe8 Kxe8 36. Rc5 Ke7 37. Rxa5 f5 38. gxf5 Nxf5 39. Rb5 Nd4 40. Rb6 Kf7 1-0